[Event "EU-Cup 34th"]
[Site "Porto Carras"]
[Date "2018.10.14"]
[Round "3.5"]
[White "Svidler, Peter"]
[Black "Edouard, Romain"]
[Result "0-1"]
[WhiteElo "2756"]
[BlackElo "2646"]
[Annotator "Edouard,R"]
[PlyCount "66"]
[EventDate "2018.10.12"]
[EventType "team-swiss"]
[EventRounds "7"]
[EventCountry "GRE"]
[SourceTitle "CBM 187"]
[Source "ChessBase"]
[SourceDate "2018.12.11"]
[SourceVersion "1"]
[SourceVersionDate "2018.12.11"]
[SourceQuality "1"]
[WhiteTeam "St Petersburg Bronze Horseman"]
[BlackTeam "KGSRL"]
[WhiteTeamCountry "RUS"]
[BlackTeamCountry "BEL"]

1. c4 {Mikhalchishin,Adrian} e5 2. Nc3 Nf6 3. Nf3 Nc6 4. g3 d5 5. cxd5 Nxd5 6.
Bg2 Nb6 7. O-O Be7 8. a3 O-O 9. b4 Be6 10. Rb1 f6 11. d3 Nd4 ({A more
aggressive line here is connected with a pawn sacrifice:} 11... a5 {
Mikhalchishin,Adrian} 12. b5 Nd4 13. Nd2 a4 (13... Qc8 {Carlsen,M (2801)
-Kramnik,V (2772) London 2009}) 14. Bxb7 Ra5) 12. Nh4 $5 {I knew this move, as
it had been played by the French number 1, MVL, a few years before. However,
it seemed to me like Black was doing fine, so I shortly understood Peter
Svidler was playing it with a new idea.} ({Svidler tried here all possible
continuations:} 12. Bb2 {Mikhalchishin,Adrian} Nxf3+ 13. Bxf3 c6 14. Ne4 Bd5
15. Bc3 {1/2 (19) Svidler,P (2765)-Matlakov,M (2735) St Petersburg RUS 2017}
Rf7 16. Bh5 Rf8 17. Bf3 Rf7 18. Bh5 Rf8 19. Bf3 {1/2 (19) Svidler,P (2765)
-Matlakov,M (2735) St Petersburg RUS 2017}) ({The main move is} 12. Nd2 {
Mikhalchishin,Adrian} c6 13. Nde4 Bf7 (13... Nd5 {Aronian,L (2739)-Topalov,V 
(2780)/Morelia/Linares 2008}) (13... Rf7 14. Bd2 Nd5 15. e3 Nxc3 16. Nxc3 Nf5
17. Qc2 Bf8 18. Rfd1 $14) 14. Nc5 Rb8 15. e3 Ne6 16. d4 $5 {with interesting
play, Svidler,P (2769)-Aronian,L (2813) Stavanger 2013}) (12. Be3 {
Mikhalchishin,Adrian} Nxf3+ 13. Bxf3 c6 14. Bc5 Rf7 (14... Nd5 {1/2 Timman,J 
(2630)-Bareev,E (2665)/Ubeda 1997}) 15. Qc2 Nd5 16. Ne4 Rc8 17. Rfd1 b6 18.
Bxe7 Rxe7 19. Rbc1 {with light pressure on the c-file, Svidler,P (2747)
-Karjakin,S (2775), Tashkent.}) 12... c6 {Other moves do not quite equalize.} (
12... Qc8 $6 13. e3 Nf5 14. Nxf5 Bxf5 15. Ne4 Rd8 16. Nc5 $1 $14 {1-0 (70)
Eljanov,P (2690)-Salgado Lopez,I (2618) Moscow 2012}) (12... Nd5 $6 13. Bxd5 $1
$146 (13. Nxd5 Bxd5 14. Bxd5+ Qxd5 15. e3 Nb5 16. Nf5 Rf7 17. Bb2 Bf8 18. e4
Qa2 $1 19. a4 Na3 20. Bxa3 Qxa3 $11 {½-½ (50) Anton Guijarro,D (2469)
-Arribas Lopez,A (2487) Spain 2012}) 13... Bxd5 14. e3 Ne6 15. Qg4 Ng5 $8 16.
Nxd5 Qxd5 17. Nf5 $14 {/\e4}) 13. e3 Nf5 (13... Nb5 {is the initial engine
suggestion, but after} 14. Nxb5 cxb5 15. Bxb7 Rb8 16. Bg2 {I always though
Black's compensation is not entirely enough.}) 14. Bh3 $5 $146 ({Mikhalchishin,
Adrian: 'A more serious try here is'} 14. Nxf5 Bxf5 15. Qb3+ (15. e4 $5 {
Mikhalchishin,Adrian} Be6 16. Be3) 15... Kh8 16. Ne4 Bg6 (16... Qc8 {
Mikhalchishin,Adrian} 17. Nc5 Nd7 18. e4 Bg4 19. Be3 b6 20. Na4 b5 21. Nc3 Nb6
22. Rfc1 Qd7 23. a4 $14 {Grachev,B (2705)-Tiviakov,S (2673) Nakhchivan 2012})
17. Rd1 {was MVL's game, which I had planned to improve with} Bh5 $1 $146 (
17... Bf7 18. Qc2 Qc7 19. Bb2 $36 {1-0 (56) Vachier Lagrave,M (2715)-Fedorchuk,
S (2635) Germany 2012} a5 {Mikhalchishin,Adrian} 20. d4 axb4 21. axb4 Nc4 22.
dxe5 fxe5 23. Nc5 Rfd8 24. Bf1 Nxb2 25. Qxb2 {with a very slight edge, Vachier
Lagrave,M (2715)-Fedorchuk,S (2635) Germany 2012.}) 18. Rd2 Bf7 19. Qc2 a5 {
- the idea behind inserting ...Bh5 being that the rook is slightly misplaced
on d2, e.g.} 20. d4 Nc4 21. Rd1 Qc7 $13) 14... Qd7 ({Logical development. An
interesting option was} 14... Nd4 {Mikhalchishin,Adrian} 15. Bxe6+ Nxe6 16. e4
Rf7 17. Be3) 15. Bxf5 Bxf5 16. Nxf5 Qxf5 17. Qb3+ ({It's not clear if this
check is necessary. Starting the same plan immediately was maybe better:} 17.
e4 {Mikhalchishin,Adrian} Qe6 18. a4) 17... Kh8 18. e4 Qd7 ({A more agressive
approach would be} 18... Qh3 {Mikhalchishin,Adrian} 19. Be3 Rad8 20. Rbd1 f5)
19. a4 {Svidler played all these moves a tempo - and they're indeed computer
choices.} f5 $5 {This seemed to me very critical over the board - and
fortunately Peter couldn't remember his analysis after it!} (19... Qxd3 20. a5
Nc8 21. Rd1 {is obviously very dangerous forBlack.}) 20. a5 Nc8 {Mikhalchishin,
Adrian: '[#]'} (20... f4 {was my other idea, but I wasn't sure it was an
improvement for Black after} 21. f3 {with the idea of Ne2.} (21. axb6 Qh3 ({
the crazy} 21... a5 $2 {also came to my mind, with the idea to make ...Bc5+
possible in some lines, but I soon realized I wasn't looking that clever in
the event of} 22. Kg2 $16) 22. f3 fxg3 23. Qc2 Rxf3 $1 24. Rxf3 gxh2+ 25. Qxh2
Qxf3 $11)) 21. f4 {Mikhalchishin,Adrian: '!?'} ({Mikhalchishin,Adrian: 'It was
possible to sac a pawn and eliminate Blacks counterplay with'} 21. exf5 Qxd3
22. b5 Nd6 {looked fine for Black to me, although I missed the idea} (22...
Qxf5 {Mikhalchishin,Adrian} 23. bxc6 bxc6 24. Ba3 Nd6 25. Bxd6 Bxd6 26. Qc4)
23. f6 $5 Rxf6 $8 24. a6 $5 {leading to weird complications.}) 21... Bf6 $5 {
Mikhalchishin,Adrian: '!'} ({Bad was the capture} 21... Qxd3 {Mikhalchishin,
Adrian} 22. fxe5 fxe4 23. Bf4) 22. Ne2 exf4 ({A central decision was} 22...
fxe4 {Mikhalchishin,Adrian} 23. dxe4 Nd6 24. Qd3 Rad8 {but it is a pity to
exchange the weak pawn d3.}) 23. Bxf4 ({Mikhalchishin,Adrian: 'Some would
prefer the stronger center after'} 23. gxf4 {Mikhalchishin,Adrian: ', but
development usually is more important.'} Ne7 24. e5 Bh4 $13) 23... Re8 24. Rbd1
Ne7 $1 {I had planned this move when going 22...exf4, and felt quite lucky to
have it, and it enables me to active all of my pieces. Mikhalchishin,Adrian:
'A bit risky, but well calculated.'} 25. e5 Nd5 26. exf6 (26. d4 Be7 27. Bd2 {
was for sure fine for Black, but not better.} (27. Nc3 {Mikhalchishin,Adrian}
Nxc3 (27... Nxb4 $2 28. e6 Qc8 29. Be5) 28. Qxc3 a6 29. Qd2 Qd5)) 26... Rxe2
27. fxg7+ Qxg7 28. d4 Nxf4 29. Rxf4 Rae8 30. Rf2 $6 (30. Rxf5 {was just a draw,
although to be honest I thought I was better after} Qh6 (30... R8e3 31. Rd3 $11
) 31. h4 R8e3 32. Rd3 Rxd3 33. Qxd3 Re3 {and missed} 34. Rh5 $1 $11 (34. Rf6 $1
$11)) ({Sufficient counterplay guaranteed} 30. a6 {Mikhalchishin,Adrian} bxa6
31. Qc3 Qf6 32. Rdf1) 30... Rxf2 31. Kxf2 Qh6 (31... f4 $5 {was objectively a
much better try.}) 32. Qf3 $4 {Considering the position lost.} ({Mikhalchishin,
Adrian: 'Svidler did not see the last defensive move in the variation'} 32. Kg1
{was still a draw:} Re2 33. h4 (33. h3 {Mikhalchishin,Adrian} Re3 34. Rd3 $1)
33... Re3 34. Rd3 $11 {; but Svidler told me after the game he had simply
missed that this move Rd1-d3 existed!}) 32... Qxh2+ 33. Kf1 f4 $1 (33... f4 34.
gxf4 Rg8 $19) 0-1

[Event "London Classic 9th"]
[Site "London"]
[Date "2017.12.11"]
[Round "9"]
[White "Caruana, Fabiano"]
[Black "Adams, Michael"]
[Result "1-0"]
[WhiteElo "2799"]
[BlackElo "2715"]
[Annotator "Fernandez,D"]
[PlyCount "135"]
[EventDate "2017.12.01"]
[EventType "tourn"]
[EventRounds "9"]
[EventCountry "ENG"]
[EventCategory "22"]
[SourceTitle "CBM 182"]
[Source "ChessBase"]
[SourceDate "2018.01.17"]
[SourceVersion "1"]
[SourceVersionDate "2018.01.17"]
[SourceQuality "1"]

{Saving the best to last, here is the effort by Fabiano Caruana, who needed to
win in order to again catch 'the man who knows nothing' in the tournament lead.
As such, the game begins with a reversed Dragon.} 1. c4 Nf6 2. Nc3 e5 3. Nf3
Nc6 4. g3 d5 5. cxd5 Nxd5 6. Bg2 Bc5 7. O-O O-O 8. d3 (8. Nxd5 Qxd5 9. Ng5 {
had already been seen by Caruana from the other side of the table, and the
game may have inspired him.} Qd8 10. Nxh7 Re8 11. Ng5 {The knight is protected
by d4-tricks!} Qxg5 12. Bxc6 (12. d4 Qe7 13. dxc5 Qxc5 14. Qa4 {could be a new
direction for White to investigate}) 12... bxc6 13. d4 Qh5 (13... Qe7 14. dxc5
Qxc5 15. Be3 $14) 14. dxc5 e4 15. h4 Qg4 (15... Bg4 $11 {is best according to
our silicon friends- if he chooses Black can take back on c5 in a better
version than 13...Qe7.}) 16. Bf4 Qh3 17. Qd4 Bg4 18. Qe3 Rad8 19. Rad1 $14 {
Aronian,L-Caruana,F, Saint Louis 2017, where the compensation was close to
vanishing into thin air.}) 8... Re8 9. Ng5 Nf6 (9... Nxc3 {These structures
are always evaluated as equal by the machine, but in my experience they are
always better for one side or the other. A good indicator of whether Black is
better is whether he has traded his dark-squared bishop for the knight.} 10.
bxc3 Be7 {Now here are 2 sample lines, one where Black ends up better and one
where White does. The point is not that Ne4 is better or that Nf3 is but that
the position contains a vast number of apparently minor nuances, such that one
side will on balance of probabilities understand them better over the next 5
moves.} 11. Ne4 (11. Nf3 Be6 12. Rb1 b6 13. Qa4 Qd7 14. Ng5 Nd4 15. Qd1 Bxg5
16. Bxg5 Nc6 17. Qa4 Bd5 18. f3 $14 {Every rule has an exception.}) 11... Be6 (
11... Rb8 12. Be3 b6 13. c4 Bb7 14. Nc3 Nd4 15. Nd5 Qd7 16. Nxe7+ Rxe7 $15) 12.
Be3 f6 13. Nd2 Bd5 14. Bxd5+ Qxd5 15. Qb3 Qxb3 16. Nxb3 Kf7 $11 {A genuinely
equal position, but maybe it is easier to play for Black as in the Wesley So
game.}) 10. Qb3 Qe7 {Black holds the balance well.} 11. Nd5 Nxd5 12. Bxd5 Nd8
13. Qc4 Bd4 14. Bg2 h6 15. Nf3 Nc6 16. Be3 {A violent winning attempt.} (16.
Nxd4 {As before, trading the knight for the dark-squared bishop is not often a
good idea.} Nxd4 17. Re1 Bg4 $15) (16. e3 $11) 16... Bxe3 17. fxe3 e4 (17...
Nd8 {is an interesting option, trying to set up the stereotypical arrangement
with ...Be6(-f7) and ...f6.}) 18. dxe4 a5 19. a3 Ra6 20. Rac1 Rb6 21. Rc2 Be6
22. Qc3 Rb3 23. Qd2 Rd8 24. Qc1 a4 25. Rc5 {Black still has compensation, but
the problem is that he is now 'likely' to 'forget' to take the material back.}
(25. Rc3 Qd6 26. Rxb3 Bxb3 27. Qc3 {made sense too}) 25... Rd7 26. h3 Qd8 27.
g4 g6 28. Kh1 Kg7 29. e5 Bd5 30. Kg1 Be6 31. Kf2 Qe7 32. Kg1 Rd5 33. Rc4 Ra5 (
33... Nxe5 34. Rxc7 Nxf3+ 35. Bxf3 Rd7 $11) 34. Rc2 Bd5 {Getting maybe a
little carried away with strategic purity. It turns out that for tactical
reasons White can now keep the pawn.} 35. Nd4 Nxd4 36. exd4 Rg3 37. Rf3 $1 $14
{That's just it. The rook is entombed and White's pawns have been untripled (!)
} Bxf3 38. exf3 c6 (38... Rb5 39. Kh2 Qh4 40. Qf4 Rxg2+ 41. Kxg2 c6 $14 {
was the most sophisticated way of giving back the exchange, setting up an
outpost for the rook on b3 and the queen on d5.}) 39. Kh2 Rxg2+ 40. Kxg2 Rd5
41. Rc4 c5 42. Rxc5 Rxd4 43. Qc3 {Now White has almost solved all his
structural issues and Black's best bet is in fact the queen ending.} Qd8 (43...
Rd3 44. Qxd3 Qxc5 45. Qc3 Qb6 $16) 44. Rc8 Qb6 45. Re8 {Leaving Black's pieces
stuck and introducing the idea of Rxb7 in various lines.} (45. Rb8 Rd1 {
is not a good way to introduce that idea}) 45... g5 46. Re7 Kg8 (46... Kf8 47.
Rxb7 {leads to another probably winning queen ending.}) 47. e6 $1 {The best
conversion, forcing a queen rather than rook ending on pain of mate.} fxe6 48.
Qc2 Kf8 49. Rh7 Qc6 {The only way to defuse the pressure.} 50. Qxc6 {With a
probably winning rook ending, but see Black's 58th.} (50. Rh8+ Ke7 51. Qh7+ Kd6
52. Rd8+ Kc5 53. Qc2+ Rc4 {is not an obvious win, so Black takes the queens off
}) 50... bxc6 51. Rxh6 Kf7 52. Kg3 Rd2 53. Rh7+ Kf6 54. Rb7 Ke5 55. h4 (55. Rb4
{may have been more precise to cut out ...Kf4.}) 55... gxh4+ 56. Kxh4 Kf4 57.
Rf7+ Ke3 58. Kg3 Rd1 (58... Rxb2 59. Re7 {was Black's best chance:} c5 60.
Rxe6+ Kd4 $16 {and the jury may still be out}) 59. g5 $18 Rg1+ 60. Kh4 Rg2 61.
Rf6 e5 62. g6 Rxb2 63. Kg5 Rg2+ 64. Kh6 Rh2+ 65. Kg7 c5 66. Kf7 c4 67. g7 Rh7
68. Ra6 {More moves could have been played, but White has shown enough. This
move eliminates the pawn on a4 and gets back to cover the c-pawn just in time.}
1-0

[Event "Sinquefield Cup 6th"]
[Site "Saint Louis"]
[Date "2018.08.24"]
[Round "6"]
[White "Nakamura, Hikaru"]
[Black "Aronian, Levon"]
[Result "1/2-1/2"]
[WhiteElo "2777"]
[BlackElo "2767"]
[Annotator "Fernandez,D"]
[PlyCount "135"]
[EventDate "2018.08.18"]
[EventType "tourn"]
[EventRounds "9"]
[EventCountry "USA"]
[EventCategory "22"]
[SourceTitle "CBM 186"]
[Source "ChessBase"]
[SourceDate "2018.09.14"]
[SourceVersion "1"]
[SourceVersionDate "2018.09.14"]
[SourceQuality "1"]

1. c4 Nf6 2. Nc3 e5 3. Nf3 Nc6 4. g3 d5 {Thus Nakamura, a noted Dragon
specialist, gets to play it with an extra tempo.} 5. cxd5 Nxd5 6. Bg2 Bc5 7.
O-O O-O 8. Nxd5 {Not necessarily the most normal Dragon move, but known in
this position.} (8. Nxe5 {should always be looked at, but here it gives
nothing.} Nxc3 9. bxc3 Nxe5 10. d4 Bd6 11. dxe5 Bxe5 12. Rb1 c6 13. c4 Qc7 $11)
(8. a3) (8. d3 Re8 9. Bd2 {is true to Dragon precepts, but so is} Nxc3 10. Bxc3
Bb6 $11 {and Black is fine.}) 8... Qxd5 9. d3 (9. Ng5 Qd8 10. Nxh7 Re8 11. Ng5
$1 {(Exclamation mark for visual effect.)} Qxg5 12. Bxc6 bxc6 13. d4 Qh5 14.
dxc5 $11 {Aronian,L-Caruana,F Saint Louis 2017, so presumably Aronian had some
idea how to handle Black's play.}) 9... Qd8 {Avoiding tricks, but that doesn't
make a move necessarily strong.} (9... Re8 {is natural. Then, I assume White's
idea was:} 10. Ng5 Qd8 11. Ne4 Bf8 12. Bd2 {with some kind of emergent clamp
on the c5-square. Black can however deal with this in typical English style by
playing for ...Bh3.} Be6 $11) 10. Be3 $5 Bxe3 11. fxe3 e4 $5 {Quite
enterprising by Levon, who possibly didn't want this break to be met with Nd4
at all.} (11... Qe7 12. Qb3 e4 {has much the same effect.}) 12. dxe4 (12. Ne1
exd3 13. exd3 Qe7 14. Nc2 Nb4 $11 {White is too poorly developed to make use
of his structural plus.}) 12... Qe7 13. Qc2 Bg4 14. Rac1 {Playing against ...
Ne5.} (14. Nd4 Ne5 {and even though White can 'untriple' his pawns, there
won't be any advantage after} 15. Nf5 Bxf5 16. exf5 c6 $11) 14... Rad8 15. h3
$1 Bc8 $1 {Both sides, of course, understand that ...Bxf3 would be suicidal.}
16. a3 (16. Nd4 {is interesting, in fact so much so that Black is best advised
to leave it exactly where it stands.} Qg5 (16... Ne5 $5 17. Qxc7 Qg5 $44) 17.
Nxc6 bxc6 18. Kh2 Qxe3 19. Rf3 Qb6 20. Qxc6 Rd2 $11) 16... Rde8 17. e5 h6 {
A very grandmasterly move, of a type particularly notable in the play of
Aronian and McShane.} (17... Nxe5 18. Qxc7 Nxf3+ 19. Rxf3 {is obviously
possible, and Black has better compensation here than in the endgame reached
in the game, in my opinion.}) 18. Qc5 Qxc5 (18... Qe6 $5 {was possible, but it
is now not clear what Black wants to play next. For instance, the engine
suggests the rather facetious-looking} 19. Kf2 $5 $14 {and Black needs to
think of something to do before White gets in Rfd1, b4 and a4.}) 19. Rxc5 Ne7
20. Rxc7 $1 (20. Nd4 c6 $11 {looks logical, but there's no way to stop Black
playing ...Ng6.}) 20... Nd5 21. Rc5 Nxe3 22. Rfc1 $14 {Black faces an
unenviable defensive task.} Rd8 23. R1c3 Nxg2 24. Kxg2 Bf5 25. Rc7 Be4 26. Kf2
Rfe8 27. R3c4 (27. b4 $16 {may have been preferable, since Black can't yet
liquidate on f3 due to the rook recapture.}) 27... Bxf3 28. Kxf3 Rxe5 29. Rxb7
Rd2 30. e3 {This kind of thing arises almost by force after the queen swap.
Now we shall suspend commentary during the rest of the phase when both sides
have numerous alternatives of approximately equal value.} g5 31. Rd4 Rc2 32.
Rdd7 Rf5+ 33. Ke4 Rf6 34. Rb8+ $2 {Signing away the advantage, though this is
impossible to know.} (34. b4 $1 $16 Rg2 35. g4 {and Black will be too slow in
pawn races; besides, there is the option of defending White's last bulwark
with Rd4.}) 34... Kg7 35. Rxa7 Re6+ 36. Kf3 Rf6+ 37. Ke4 Re6+ 38. Kd3 Rg2 39.
g4 Rg3 40. Rbb7 Rexe3+ 41. Kc2 Ref3 42. a4 Rxh3 43. a5 $2 (43. Rb4 $11) 43...
Rh4 $1 {Now both sides play to win!} 44. a6 Rxg4 45. Ra8 Ra4 (45... Rg2+ 46.
Kb1 Rf1+ 47. Ka2 Rg4 {was critical, doubling by force on the a-file. I suspect
Aronian saw this and rejected it in view of} 48. Rb3 $4 {but now Black can
stop the pawn by the more conventional method of} (48. a7 Ra4+ 49. Kb3 Rfa1 $17
{is great fun for Black}) 48... Ra4+ 49. Ra3 Rxa3+ 50. bxa3 Rf6 $1 $19) 46. a7
g4 $2 {This is an impossible position for humans to play, and the machine
delights in such positions.} (46... Rf6 $1 {is apparently correct, and White
cannot do more than force a draw after} 47. Rc8 Rfa6 48. Rcc7 Rf6 $11) 47. Rc8
g3 48. a8=Q Rxa8 49. Rxa8 h5 50. Rbb8 Kf6 51. Rg8 (51. Rb4 $1 {White succeeds
in halting the pawn by a combination of frontal and sideways tactics. Now Rg7
is the threat.} Kg7 52. Kd2 $1 g2 (52... Rf1 53. Ra3 $18) 53. Rbb8 $3 $18)
51... h4 52. Ra6+ $2 (52. Ra3 Rf2+ 53. Kd3 Rxb2 54. Ke4 {apparently still wins,
but this is hard to play.}) 52... Ke7 53. Rh6 Rf2+ 54. Kd3 Rh2 $1 {There were
no further adventures!} 55. Ke4 g2 56. Ke5 h3 57. Rc6 f6+ 58. Kd5 Kf7 59. Rg3
Rh1 60. Rc7+ Kf8 61. Rc8+ Kf7 62. Rc7+ Kf8 63. Ke6 Re1+ 64. Kxf6 Rf1+ 65. Ke6
Re1+ 66. Kf6 Rf1+ 67. Ke6 Re1+ 68. Kf6 1/2-1/2

[Event "Groningen PCA"]
[Site "Groningen"]
[Date "1993.??.??"]
[Round "2"]
[White "Hodgson, Julian M"]
[Black "Polgar, Zsuzsa"]
[Result "1-0"]
[WhiteElo "2625"]
[BlackElo "2545"]
[Annotator "Ftacnik,L"]
[PlyCount "57"]
[EventDate "1993.12.??"]
[EventType "swiss"]
[EventRounds "11"]
[EventCountry "NED"]
[SourceTitle "CBM 039"]
[Source "ChessBase"]
[SourceDate "1994.04.01"]
[SourceVersion "1"]
[SourceVersionDate "1994.04.01"]
[SourceQuality "1"]

1. c4 {Ribli} e5 2. Nc3 Nf6 3. Nf3 Nc6 4. g3 d5 5. cxd5 Nxd5 6. Bg2 Nb6 7. O-O
Be7 8. Rb1 f6 (8... g5 $5 9. d3 h5 10. a3 h4 11. b4 hxg3 12. hxg3 a6 13. b5 Nd4
14. Nxd4 exd4 15. bxa6 Rxa6 16. Nb5 Na4 17. e3 c6 18. Nxd4 Nc3 19. Qc2 Nxb1 20.
Qxb1 Qd6 21. Qb3 Qh6 22. Re1 c5 23. Nf3 Bh3 24. Qxb7 $17 {Serper,G-Korchnoi,V/
Groningen PCA (9)/1993/0-1 (34)}) (8... O-O 9. d3 (9. b4 a6 (9... e4 10. Nxe4
Nxb4 11. a3 N4d5 12. Qc2 Nf6 13. Nc3 c6 14. e4 Nc4 15. Qa2 Na5 16. d4 Bg4 17.
Be3 Be6 18. d5 cxd5 19. Nd4 Rc8 20. Nxd5 Bxd5 21. exd5 Ng4 22. Bf4 Bc5 23. Nf3
Nc4 24. Rxb7 $14 {Sorokin,M-Savon,V/Cheliabinsk/1991/0.5 (32)}) 10. a3 (10. a4
Bf5 11. b5 $1 axb5 12. Rxb5 $6 f6 $1 13. d3 Be6 14. Bd2 Nd4 15. Rb1 c5 $1 16.
Ne4 $1 Ra7 17. a5 Nd7 18. Bc3 Nc6 19. Rb5 Qc7 20. Qb1 $2 Rb8 21. Qa1 b6 22.
axb6 Rxb6 23. Qb1 Nd4 24. Nxd4 $14 {Serper,G-Kamsky,G/Dortmund/1993/1-0 (60)})
10... Re8 11. d3 Bf8 12. Bb2 Nd4 13. Nd2 c6 14. e3 Nb5 15. Nf3 Nxc3 16. Bxc3 f6
17. Qc2 Bf5 18. e4 Bg6 19. Nh4 Bf7 20. Bh3 Qc7 21. Kh1 Rad8 22. Bd2 Be6 23.
Bxe6+ Rxe6 24. Be3 $13 {Adorjan,A-Lin Weiguo/Shenzhen (05)/1992/0-1 (61)}) 9...
Be6 10. a3 a5 11. b3 f6 12. Na4 Nxa4 13. bxa4 Qc8 14. Qc2 Nd8 15. d4 exd4 16.
Nxd4 Bf7 17. Nf5 Re8 18. Nxe7+ Rxe7 19. Rd1 c6 20. Be4 Qh3 21. Be3 Ne6 22. Rd2
Qh5 23. Qc3 Ng5 24. Bg2 $14 {Shvedchikov,A-Olbrich,I/Moscow2/1991/1-0 (53)}) (
8... a5 9. b3 (9. d3 Be6 10. Be3 O-O 11. Rc1 Re8 12. a3 h6 13. Nd2 Rb8 14. Nb3
Nd5 15. Bd2 Qd7 16. Nb5 Nf6 17. a4 Ra8 18. Re1 Bd5 19. Bxd5 Nxd5 20. Nc5 Bxc5
21. Rxc5 Rac8 22. Qc1 Nf6 23. f3 Qh3 24. Bc3 $10 {Hansen,LB-Romanishin,O/
Polanica Zdroj (11)/1993/0.5 (31)}) 9... O-O 10. Bb2 Re8 11. d3 Bf8 12. Nd2 Nd4
13. e3 Nf5 14. Nc4 c6 15. Qc2 {Adorjan,A-Cebalo,M/Polanica Zdroj (02)/1992/0.5
(15)}) (8... Be6 9. b4 f6 10. b5 Nd4 11. d3 O-O 12. a4 Kh8 13. Nd2 Nd5 14. Bxd5
Bxd5 15. e3 Nf5 16. Nxd5 Qxd5 17. e4 Qxd3 18. exf5 Qxf5 19. Qf3 Qc2 20. Qxb7
Qxa4 21. Qxc7 Rfe8 22. Qc4 Qxc4 {Adorjan,A-Sanchez,J/Manila/1991/1-0 (23)}) 9.
b4 {!? Ribli} Nxb4 (9... Bxb4 10. Nxe5 $1 Nxe5 (10... fxe5 11. Bxc6+ bxc6 12.
Rxb4 $16) 11. Rxb4 $16) 10. d4 $1 Nc6 (10... exd4 11. Nxd4 c5 12. Ndb5 $36) (
10... N4d5 {Ribli} 11. Nxd5 Nxd5 12. dxe5 (12. Qc2 $5 $44) 12... Nc3 13. Qxd8+
Bxd8 14. Rb2 $14) 11. dxe5 fxe5 (11... Qxd1 12. Rxd1 fxe5 13. Nb5 Bd8 14. Bg5
$16) 12. Qb3 Bf5 13. Rd1 Qc8 14. Ng5 Bxg5 15. Bxg5 Nd4 (15... Bxb1 16. Bxc6+
bxc6 17. Rd8+ Qxd8 18. Qe6+ (18. Bxd8 $16 {Ribli}) 18... Kf8 19. Bxd8 Rxd8 20.
Nxb1 $16) 16. Qa3 c5 17. Rbc1 h6 18. Be3 O-O 19. Bxd4 cxd4 (19... exd4 20. Nd5
$16) 20. Nd5 Qd8 21. Ne7+ Kh8 22. Bxb7 Bh7 (22... Rb8 23. Nc6 $18) 23. Bxa8
Qxa8 24. Qd6 Qe8 25. Rc7 Na4 26. Rc8 Qxc8 27. Nxc8 Rxc8 28. Qa6 Nb6 29. Qxa7
1-0